000 01629nam a2200253Ia 4500
008 260220t1987||||xx |||||||||||||| ||spa||
020 _a8473392914
040 _aPY-SlUNAC
_bspa
_erda
041 _aspa
082 _a741.5
_bR52c
100 _aRius
_eAutor
245 0 _aCuba para principiantes /
_cpor Rius [Autor]
264 _aMadrid :
_bAkal,
_c℗1987.
300 _a1 volumen
520 _a"Cuba para principiantes" de Rius es una obra fundamental que ofrece una introducción accesible y crítica a la historia, cultura y política de Cuba. A través de un enfoque gráfico y humorístico, Rius descompone los mitos y realidades de la isla, analizando su evolución desde la colonización hasta la revolución de 1959 y más allá. El autor presenta de manera sencilla y didáctica conceptos complejos, como el socialismo cubano, la figura de Fidel Castro y los desafíos económicos que enfrenta el país. Con un estilo claro y ameno, Rius invita a los lectores a reflexionar sobre la identidad cubana y su lugar en el contexto geopolítico contemporáneo. Además, aborda temas como la educación, la salud y la cultura popular, resaltando los logros y problemas de la sociedad cubana. Este libro no solo es una herramienta valiosa para quienes buscan entender Cuba, sino que también promueve el pensamiento crítico sobre las realidades políticas y sociales del mundo.
651 _aCuba
653 _aEducación
653 _aHistoria
942 _b2026/02/17
_cBK
999 _c8867
_d8867